Normal view
MARC view
- ISLAMIC NAMES.PHOOL JASAY BACHOO KAY PAYARY PAYARA NAAM
Entry Topical Term
001 - CONTROL NUMBER
- control field: 68494
003 - CONTROL NUMBER IDENTIFIER
- control field: NUST
005 - DATE AND TIME OF LATEST TRANSACTION
- control field: 20210628204045.0
008 - FIXED-LENGTH DATA ELEMENTS
- fixed length control field: 210628|| aca||aabn | a|a d
040 ## - CATALOGING SOURCE
- Original cataloging agency: NUST
- Transcribing agency: NUST
150 ## - HEADING--TOPICAL TERM
- Topical term or geographic name entry element: ISLAMIC NAMES.PHOOL JASAY BACHOO KAY PAYARY PAYARA NAAM
670 ## - SOURCE DATA FOUND
- Source citation: Work cat.: (NUST): Ghouri, Muhammad Awais 68493, Phool jasay bachoo kay payary payara naam, 2013
